Juan Domingo Perón : El general y su laberinto /
Guardado en:
| Autor Principal: | |
|---|---|
| Formato: | |
| Publicado: |
Argentina,
2006.
|
| Series: | Documenta
|
| Materias: | |
| Etiquetas: |
Agregar Etiqueta
Sin Etiquetas, Sea el primero en etiquetar este registro!
|
| LEADER | 01095ngm a22002895g 4500 | ||
|---|---|---|---|
| 001 | CEM.cems023014 | ||
| 008 | 130507s2006##################0###0#####d | ||
| 005 | 20241202155027.0 | ||
| 245 | 1 | 0 | |a Juan Domingo Perón : |b El general y su laberinto / |c Roman Lejtman. |
| 260 | |a Argentina, |c 2006. | ||
| 300 | |a 47'. | ||
| 490 | 0 | |a Documenta | |
| 500 | |a Consultar en ventanilla. | ||
| 505 | 0 | |a Vida de Juan Perón. Su participación en el GOU y su llegada al poder. Primer peronismo. Su exilio y tercer Gobierno. Su vinculación con los sectores antagónicos del peronismo. Violencia política. Su muerte y sus consecuencias. | |
| 538 | |a Soporte: DVD - Formato: AVI - Color: Si - Grabación DRD 2012 | ||
| 590 | |a Identificación SIABUC: DVD Nº 27 | ||
| 100 | 1 | |a Lejtman, Roman | |
| 082 | 9 | 8 | |/ LEJ |
| 653 | |a HISTORIA | ||
| 653 | |a HISTORIA ARGENTINA | ||
| 653 | |a PERON | ||
| 653 | |a PERONISMO | ||
| 653 | |a DOCUMENTAL | ||
| 653 | |a SERIE DE TELEVISIÓN | ||
| 653 | |a NIVEL PRIMARIO | ||
| 653 | |a NIVEL SECUNDARIO | ||
| 859 | |a CEMS |b BIB. CEMS - Depto. Recursos Didacticos |h 982 |i LEJ |k DRD |p 1657.12 |t Ej.1 | ||
